Aktualizácia k zákonom I/2002 Zákon o správe daní a poplatkov a o zmenách v sústave územných finančných orgánov

Enregistré dans:
Détails bibliographiques
Format: Livre
Langue:slovaque
Publié: Žilina PORADCA, s.r.o. 2002
Collection:Aktualizácia I/4
Tags: Ajouter un tag
Pas de tags, Soyez le premier à ajouter un tag!

MARC

LEADER 00000nam a2200000 4500
001 c134279
005 20250619120022.6
022 |a 1335-6127 
041 0 |a slo 
044 |a SK 
245 1 0 |a Aktualizácia k zákonom I/2002  |b Zákon o správe daní a poplatkov a o zmenách v sústave územných finančných orgánov 
264 1 |a Žilina  |b PORADCA, s.r.o.  |c 2002 
300 |a 112 s. 
490 1 |a Aktualizácia  |v I/4 
830 0 |a Aktualizácia  |v I/4 
500 |a Účinnosť od 1.5.2002